Les mains au poker - Statistiques

Statistiques générales
  • Ce quiz a été pris 176 fois
  • Le résultat moyen est 9 sur 10
Statistiques - réponses
Main % Correct
Paire
98%
Suite
96%
Brelan
94%
Carré
92%
Couleur
90%
Double paire
87%
Full
86%
Quinte flush
85%
Quinte flush royale
77%
Hauteur
57%
Aucun quiz correspondant
Distribution des résultats
% des personnes avec chaque résultat
Percentile par nombre de réponses
Votre historique - résultats
Vous n’avez pas pris ce quiz